[Event "Pereira Fiestas de la Cosecha op"]
[Site "Pereira"]
[Date "2023.08.26"]
[Round "4"]
[White "Garavito, Miguel Angel"]
[Black "Vargas, Eduar Misael"]
[Result "1-0"]
[WhiteElo "2305"]
[BlackElo "1809"]
[PlyCount "49"]
[EventDate "2023.08.24"]
[EventType "swiss"]
[EventRounds "7"]
[EventCountry "COL"]
[SourceTitle "EXT 2024"]
[Source "ChessBase"]
[SourceDate "2023.10.10"]
[SourceVersion "1"]
[SourceVersionDate "2023.10.10"]
[SourceQuality "1"]

1. d4 Nf6 2. Nf3 g6 3. g3 Bg7 4. Bg2 0-0 5. 0-0 d5 6. c4 c6 7. Nc3 Nbd7 8. cxd5 Nxd5 9. e4 Nxc3 10. bxc3 Nb6 11. Bf4 Bg4 12. Qb3 Bxf3 13. Bxf3 e5 14. dxe5 Qe7 15. a4 Rad8 16. a5 Na8 17. Rfb1 b6 18. e6 Rd3 19. exf7+ Rxf7 20. Bg4 Rxc3 21. Qe6 h5 22. Bd6 Qd8 23. axb6 Nxb6 24. Rxa7 Nd7 25. Rb8 1-0

[Event "COL-ch"]
[Site "Cartagena"]
[Date "2023.06.10"]
[Round "6"]
[White "Hernandez Jimenez, Jeronimo"]
[Black "Garavito, Miguel Angel"]
[Result "1/2-1/2"]
[WhiteElo "2151"]
[BlackElo "2315"]
[PlyCount "80"]
[EventDate "2023.06.08"]
[EventType "swiss"]
[EventRounds "9"]
[EventCountry "COL"]
[SourceTitle "CBM 215 Extra"]
[Source "ChessBase"]
[SourceDate "2023.09.30"]
[SourceVersion "1"]
[SourceVersionDate "2023.09.30"]
[SourceQuality "1"]

1. d4 Nf6 2. Nf3 e6 3. c4 Bb4+ 4. Bd2 Qe7 5. g3 Nc6 6. a3 Bxd2+ 7. Qxd2 d6 8. b4 0-0 9. b5 Nb8 10. Bg2 a6 11. 0-0 Nbd7 12. Nc3 Nb6 13. Qd3 e5 14. Nd2 axb5 15. cxb5 d5 16. dxe5 Qxe5 17. Nf3 Qh5 18. Nh4 Re8 19. Qd4 Qe5 20. Qxe5 Rxe5 21. Nf3 Re7 22. Nd4 Ne4 23. Nxe4 dxe4 24. e3 Nc4 25. Rfc1 Nd6 26. a4 Be6 27. Nxe6 fxe6 28. a5 Nxb5 29. Bxe4 Nd6 30. Bg2 Kf8 31. Rc5 Ra7 32. Rd1 Ke8 33. e4 e5 34. Rdd5 b6 35. axb6 Ra1+ 36. Bf1 cxb6 37. Rc6 Nxe4 38. Kg2 Ra2 39. Bc4 Rxf2+ 40. Kg1 Ra7 1/2-1/2

[Event "COL-ch"]
[Site "Cartagena"]
[Date "2023.06.08"]
[Round "1"]
[White "Garavito, Miguel Angel"]
[Black "Negron Lizarazo, Juan Sebastian"]
[Result "1-0"]
[WhiteElo "2315"]
[BlackElo "1555"]
[PlyCount "55"]
[EventDate "2023.06.08"]
[EventType "swiss"]
[EventRounds "9"]
[EventCountry "COL"]
[SourceTitle "CBM 215 Extra"]
[Source "ChessBase"]
[SourceDate "2023.09.30"]
[SourceVersion "1"]
[SourceVersionDate "2023.09.30"]
[SourceQuality "1"]

1. d4 Nf6 2. Nf3 g6 3. g3 Bg7 4. Bg2 d5 5. 0-0 0-0 6. c4 c6 7. Qb3 b6 8. Nc3 Bb7 9. a4 Nbd7 10. Bf4 h6 11. a5 g5 12. Be3 dxc4 13. Qxc4 bxa5 14. Ne5 Nxe5 15. dxe5 Nd5 16. Bd4 Nb4 17. Rfd1 Ba6 18. Qc5 Bb7 19. Be4 Nd5 20. Bc2 e6 21. Qc4 Re8 22. Ne4 Qc7 23. Nd6 Red8 24. Qd3 Ne7 25. Qh7+ Kf8 26. Bc5 Ba6 27. Rd2 Rab8 28. Ra3 1-0

[Event "Tolima Deportivo op"]
[Site "Tolima"]
[Date "2021.11.14"]
[Round "4"]
[White "Diaz, Jaime Walter"]
[Black "Garavito, Miguel Angel"]
[Result "0-1"]
[WhiteElo "2131"]
[BlackElo "2302"]
[PlyCount "58"]
[EventDate "2021.11.12"]
[EventType "swiss"]
[EventRounds "7"]
[EventCountry "COL"]
[SourceTitle "CBM 205 Extra"]
[Source "ChessBase"]
[SourceDate "2022.01.31"]
[SourceVersion "1"]
[SourceVersionDate "2022.01.31"]
[SourceQuality "1"]

1. d4 Nf6 2. Nf3 e6 3. Bf4 d5 4. e3 c5 5. c3 Qb6 6. Qb3 c4 7. Qc2 Nc6 8. Nbd2 Nh5 9. b3 Nxf4 10. exf4 cxb3 11. axb3 Bd7 12. Bd3 Rc8 13. Qa2 Bd6 14. g3 a6 15. 0-0 0-0 16. Rfc1 g6 17. h4 Kg7 18. Kg2 f6 19. Nf1 e5 20. dxe5 fxe5 21. Nxe5 Nxe5 22. fxe5 Bxe5 23. Qe2 Rce8 24. Qd2 d4 25. Be4 Bf4 26. gxf4 Rxe4 27. f3 Rexf4 28. Nh2 Qf6 29. cxd4 Rxh4 0-1

[Event "Tolima Deportivo op"]
[Site "Tolima"]
[Date "2021.11.14"]
[Round "5"]
[White "Garavito, Miguel Angel"]
[Black "Nunez V, Gustavo Eduardo"]
[Result "1/2-1/2"]
[WhiteElo "2302"]
[BlackElo "2211"]
[PlyCount "26"]
[EventDate "2021.11.12"]
[EventType "swiss"]
[EventRounds "7"]
[EventCountry "COL"]
[SourceTitle "CBM 205 Extra"]
[Source "ChessBase"]
[SourceDate "2022.01.31"]
[SourceVersion "1"]
[SourceVersionDate "2022.01.31"]
[SourceQuality "1"]

1. c4 e5 2. g3 Nc6 3. Bg2 f5 4. d3 Nf6 5. Nc3 Bb4 6. a3 Bxc3+ 7. bxc3 0-0 8. Nf3 d6 9. 0-0 Qe8 10. Rb1 Rb8 11. Ne1 b6 12. Nc2 Bb7 13. f4 e4 1/2-1/2

[Event "Tolima Deportivo op"]
[Site "Tolima"]
[Date "2021.11.13"]
[Round "3"]
[White "Garavito, Miguel Angel"]
[Black "Hurtado Sarmiento, Juan Sebastian"]
[Result "1/2-1/2"]
[WhiteElo "2302"]
[BlackElo "1918"]
[PlyCount "113"]
[EventDate "2021.11.12"]
[EventType "swiss"]
[EventRounds "7"]
[EventCountry "COL"]
[SourceTitle "CBM 205 Extra"]
[Source "ChessBase"]
[SourceDate "2022.01.31"]
[SourceVersion "1"]
[SourceVersionDate "2022.01.31"]
[SourceQuality "1"]

1. d4 Nf6 2. Nf3 e6 3. c4 d5 4. g3 Be7 5. Bg2 0-0 6. 0-0 c6 7. Nbd2 b6 8. Qc2 Bb7 9. e4 Na6 10. e5 Nd7 11. b3 Rc8 12. Bb2 c5 13. a3 dxc4 14. Ng5 Bxg5 15. Bxb7 cxd4 16. Bxc8 Qxc8 17. Nf3 Bh6 18. Qxc4 Qb7 19. Nxd4 Nxe5 20. Qe2 Nd7 21. b4 Nc7 22. Rfd1 Nf6 23. b5 Ne4 24. Nc6 Nc5 25. Ne7+ Kh8 26. Qh5 f6 27. Bxf6 Ne4 28. Bd4 Nxb5 29. Qxb5 Qxe7 30. f4 Bxf4 31. gxf4 Rxf4 32. Ra2 Ng5 33. Bxg7+ Kg8 34. Rg2 Nh3+ 35. Kh1 Nf2+ 36. Rxf2 Rxf2 37. Qc6 Rxh2+ 38. Kxh2 Qh4+ 39. Kg2 Qg4+ 40. Kf2 Qxd1 41. Be5 Qd2+ 42. Kf3 Qd3+ 43. Kg4 Qf5+ 44. Kh4 Qxe5 45. Qe8+ Kg7 46. Qe7+ Kg6 47. Qe8+ Kh6 48. Qf8+ Kg6 49. Qe8+ Kf5 50. Qh5+ Ke4 51. Qxh7+ Ke3 52. Qxa7 Kf4 53. Qf7+ Qf5 54. Qc7+ e5 55. Qc1+ Kf3 56. Qf1+ Ke4 57. Qb1+ 1/2-1/2

[Event "COL-chT"]
[Site "Cartagena"]
[Date "2019.11.24"]
[Round "1.2"]
[White "Garavito, Miguel Angel"]
[Black "Navia Alvarez, Edwin Adrian"]
[Result "1-0"]
[WhiteElo "2303"]
[BlackElo "2069"]
[PlyCount "106"]
[EventDate "2019.11.24"]
[EventType "team-swiss"]
[EventRounds "7"]
[EventCountry "COL"]
[SourceTitle "CBM 193 Extra"]
[Source "ChessBase"]
[SourceDate "2020.01.31"]
[SourceVersion "1"]
[SourceVersionDate "2020.01.31"]
[SourceQuality "1"]
[WhiteTeam "Tolima"]
[BlackTeam "Cauca"]
[WhiteTeamCountry "COL"]
[BlackTeamCountry "COL"]

1. d4 d5 2. Nf3 Nf6 3. c4 e6 4. g3 dxc4 5. Qa4+ Bd7 6. Qxc4 Bc6 7. Bg2 Nbd7 8. 0-0 a6 9. Nc3 Be7 10. Re1 Bxf3 11. Bxf3 c6 12. e4 0-0 13. Be3 a5 14. Rad1 Re8 15. Qb3 Qc8 16. Bf4 Bb4 17. a3 Bf8 18. e5 Nd5 19. Nxd5 cxd5 20. Rc1 Qd8 21. Be2 h6 22. Rc2 Re7 23. Rec1 Nb6 24. Bd2 a4 25. Qb5 Nc8 26. Bb4 Rd7 27. Bxf8 Na7 28. Qd3 Qxf8 29. Rc3 Qd8 30. Qc2 Nc6 31. Qd2 Qb6 32. Rc5 Rdd8 33. Bb5 Ne7 34. Qb4 Nf5 35. g4 Nh4 36. Qc3 Ra5 37. Be2 Raa8 38. Rb5 Qa7 39. Qb4 Rac8 40. Rc3 Rxc3 41. bxc3 Rd7 42. Ra5 Qb8 43. Qxa4 Qc7 44. Rc5 Qd8 45. Ra5 Rc7 46. Ra8 Rc8 47. Rxc8 Qxc8 48. Qa5 b6 49. Qxb6 Qa8 50. a4 g5 51. a5 Qc8 52. Qc5 Qb8 53. Qb4 Qa8 1-0

[Event "La Vega op 3rd"]
[Site "La Vega"]
[Date "2019.08.23"]
[Round "6"]
[White "Garavito, Miguel Angel"]
[Black "Subervi Nunez, Jonathan Sigfredo"]
[Result "1/2-1/2"]
[WhiteElo "2302"]
[BlackElo "2079"]
[PlyCount "62"]
[EventDate "2019.08.20"]
[EventType "swiss"]
[EventRounds "9"]
[EventCountry "DOM"]
[SourceTitle "EXT 2020"]
[Source "ChessBase"]
[SourceDate "2019.10.17"]
[SourceVersion "1"]
[SourceVersionDate "2019.10.17"]
[SourceQuality "1"]

1. d4 f5 2. e4 fxe4 3. Nc3 Nf6 4. Bg5 g6 5. h4 d5 6. h5 Bg4 7. Be2 Bxe2 8. Qxe2 Nxh5 9. Rxh5 gxh5 10. Qxh5+ Kd7 11. Nxd5 Kc8 12. Bf4 Na6 13. Qe5 e6 14. Qxe6+ Qd7 15. Qxd7+ Kxd7 16. Be5 c6 17. Bxh8 cxd5 18. Be5 Nb4 19. Kd1 Rc8 20. a3 Nxc2 21. Rc1 e3 22. Bg3 Nxd4 23. Rxc8 Kxc8 24. fxe3 Nf5 25. Bf4 Bg7 26. Kc2 Kd7 27. Nf3 h5 28. b3 Bf6 29. Kd3 Nh4 30. Ne1 Ke6 31. Bb8 a6 1/2-1/2

[Event "La Vega op 3rd"]
[Site "La Vega"]
[Date "2019.08.21"]
[Round "3"]
[White "Jean Louis, Marckens"]
[Black "Garavito, Miguel Angel"]
[Result "0-1"]
[WhiteElo "2129"]
[BlackElo "2302"]
[PlyCount "54"]
[EventDate "2019.08.20"]
[EventType "swiss"]
[EventRounds "9"]
[EventCountry "DOM"]
[SourceTitle "EXT 2020"]
[Source "ChessBase"]
[SourceDate "2019.10.17"]
[SourceVersion "1"]
[SourceVersionDate "2019.10.17"]
[SourceQuality "1"]

1. e4 e5 2. Nf3 Nc6 3. d4 exd4 4. Nxd4 Nf6 5. Nxc6 bxc6 6. e5 Qe7 7. Qe2 Nd5 8. c4 Nb6 9. g3 a5 10. b3 a4 11. Ba3 Qe6 12. Bb2 Bb4+ 13. Nd2 a3 14. Bc1 0-0 15. f4 d5 16. Kf2 Bc5+ 17. Ke1 Ba6 18. Qh5 g6 19. cxd5 cxd5 20. Qh3 Qxh3 21. Bxh3 Bd4 22. Rb1 Bd3 23. Kd1 Bc3 24. Bxa3 Rxa3 25. Rc1 Bb2 26. Rxc7 Rxa2 27. Nf1 Be4 0-1

[Event "COL-chT Interligas"]
[Site "Palmira"]
[Date "2019.04.28"]
[Round "3.2"]
[White "Arenas Vanegas, David"]
[Black "Garavito, Miguel Angel"]
[Result "1-0"]
[WhiteElo "2440"]
[BlackElo "2299"]
[PlyCount "55"]
[EventDate "2019.04.27"]
[EventType "team-swiss"]
[EventRounds "6"]
[EventCountry "COL"]
[SourceTitle "CBM 190 Extra"]
[Source "ChessBase"]
[SourceDate "2019.07.15"]
[SourceVersion "1"]
[SourceVersionDate "2019.07.15"]
[SourceQuality "1"]
[WhiteTeam "Bolivar"]
[BlackTeam "Tolima"]
[WhiteTeamCountry "COL"]
[BlackTeamCountry "COL"]

1. e4 e5 2. Nf3 Nc6 3. Bc4 Nf6 4. d3 Bc5 5. c3 d6 6. 0-0 0-0 7. h3 Bb6 8. a4 a6 9. Re1 Ne7 10. a5 Ba7 11. Nbd2 Ng6 12. Bb3 Bxh3 13. gxh3 Nf4 14. Nf1 Nxh3+ 15. Kg2 Nxf2 16. Qe2 Qd7 17. Ng1 N2g4 18. Ng3 h5 19. Nh3 g6 20. Bd2 Kg7 21. Rh1 c6 22. Ng5 d5 23. Raf1 Rad8 24. Bc1 Qc7 25. Rxh5 gxh5 26. Nxh5+ Kg6 27. Qf3 Nxh5 28. Qf5+ 1-0

[Event "COL-ch U2300"]
[Site "Pereira"]
[Date "2019.03.25"]
[Round "8"]
[White "Garavito, Miguel Angel"]
[Black "Narvaez Ramirez, Faber Alberto"]
[Result "1-0"]
[WhiteElo "2299"]
[BlackElo "2120"]
[PlyCount "85"]
[EventDate "2019.03.21"]
[EventType "swiss"]
[EventRounds "9"]
[EventCountry "COL"]
[SourceTitle "CBM 189 Extra"]
[Source "ChessBase"]
[SourceDate "2019.06.03"]
[SourceVersion "1"]
[SourceVersionDate "2019.06.03"]
[SourceQuality "1"]

1. d4 d5 2. Nf3 Nf6 3. c4 c6 4. Nc3 e6 5. Bg5 h6 6. Bxf6 Qxf6 7. e3 Bb4 8. Bd3 Nd7 9. 0-0 0-0 10. e4 dxe4 11. Nxe4 Qe7 12. a3 Ba5 13. b4 Bc7 14. Re1 a5 15. Rb1 axb4 16. axb4 Nf6 17. Qe2 Rd8 18. Nxf6+ Qxf6 19. Qe4 g6 20. Ra1 Bd7 21. c5 Be8 22. g3 b6 23. Kg2 bxc5 24. bxc5 Kg7 25. Rxa8 Rxa8 26. Bb5 Qd8 27. Bxc6 Bxc6 28. Qxc6 Ra2 29. Rb1 g5 30. h3 h5 31. Qe4 Ra7 32. c6 Ra5 33. Rb7 Qd6 34. h4 g4 35. Ng5 Rf5 36. Rb5 Rf6 37. Qh7+ Kf8 38. Qh8+ Ke7 39. Qxf6+ Kxf6 40. Ne4+ Ke7 41. Nxd6 Kxd6 42. Rxh5 Kxc6 43. Rc5+ 1-0

[Event "COL-ch U2300"]
[Site "Pereira"]
[Date "2019.03.23"]
[Round "4"]
[White "Lopez Rayo, Santiago"]
[Black "Garavito, Miguel Angel"]
[Result "1/2-1/2"]
[WhiteElo "1816"]
[BlackElo "2299"]
[PlyCount "40"]
[EventDate "2019.03.21"]
[EventType "swiss"]
[EventRounds "9"]
[EventCountry "COL"]
[SourceTitle "CBM 189 Extra"]
[Source "ChessBase"]
[SourceDate "2019.06.03"]
[SourceVersion "1"]
[SourceVersionDate "2019.06.03"]
[SourceQuality "1"]

1. e4 e5 2. Nf3 Nc6 3. Bb5 a6 4. Ba4 Nf6 5. 0-0 b5 6. Bb3 Nxe4 7. Re1 d5 8. d3 Nf6 9. Nxe5 Nxe5 10. Rxe5+ Be6 11. Bg5 Be7 12. Nd2 h6 13. Bh4 0-0 14. Nf3 c5 15. c3 Bd6 16. Re1 g5 17. Bg3 Bxg3 18. hxg3 Bg4 19. d4 c4 20. Bc2 Qd6 1/2-1/2